<?xml version="1.0" encoding="UTF-8"?>
<record
    xmlns:xsi="http://www.w3.org/2001/XMLSchema-instance"
    xsi:schemaLocation="http://www.loc.gov/MARC21/slim http://www.loc.gov/standards/marcxml/schema/MARC21slim.xsd"
    xmlns="http://www.loc.gov/MARC21/slim">

  <leader>01132nam a22002057a 4500</leader>
  <controlfield tag="005">20250910154444.0</controlfield>
  <controlfield tag="008">250909b        |||||||| |||| 00| 0 eng d</controlfield>
  <datafield tag="020" ind1=" " ind2=" ">
    <subfield code="a">9789385360947</subfield>
  </datafield>
  <datafield tag="041" ind1=" " ind2=" ">
    <subfield code="a">English</subfield>
  </datafield>
  <datafield tag="082" ind1=" " ind2=" ">
    <subfield code="a">747</subfield>
    <subfield code="b">MAP</subfield>
  </datafield>
  <datafield tag="100" ind1=" " ind2=" ">
    <subfield code="a">Mapin Publishing </subfield>
    <subfield code="9">204320</subfield>
  </datafield>
  <datafield tag="245" ind1=" " ind2=" ">
    <subfield code="a">Indian Crafts Interiors</subfield>
  </datafield>
  <datafield tag="260" ind1=" " ind2=" ">
    <subfield code="a">Gujarat</subfield>
    <subfield code="b">Mapin Publishing</subfield>
    <subfield code="c">2023</subfield>
  </datafield>
  <datafield tag="300" ind1=" " ind2=" ">
    <subfield code="a">260</subfield>
  </datafield>
  <datafield tag="365" ind1=" " ind2=" ">
    <subfield code="b">2212.00</subfield>
    <subfield code="c">Rs.00</subfield>
  </datafield>
  <datafield tag="520" ind1=" " ind2=" ">
    <subfield code="a">&#x2022; Introduction: Enter, But with Bowed Head
&#x2022; New Faces of Permanence: Stone
&#x2022; Shaping What Shapes Us: Glazed Ceramics and Terracotta
&#x2022; Embracing the Planet: Grass, Coir and Natural Fibres
&#x2022; Fresh Breezes Stir Bamboo and Cane: Bamboo, Cane and Willow
&#x2022; New Roots for Old Trees: Wood
&#x2022; The Flow of Fabric Enters a New World: Textiles
&#x2022; Changing the Writing on the Wall: Surface Decoration
&#x2022; Old Core Gleams Once More: Metal
&#x2022; Giving Glass a Vanity: Glass and Mirror-work
&#x2022; Old Stones Sing Again: Heritage Properties
&#x2022; Enriching a Living Civilization: Inspiration</subfield>
  </datafield>
  <datafield tag="650" ind1=" " ind2=" ">
    <subfield code="a">Home Decoration</subfield>
    <subfield code="9">204955</subfield>
  </datafield>
  <datafield tag="700" ind1=" " ind2=" ">
    <subfield code="a">Institute of India Interior Designers</subfield>
    <subfield code="9">213025</subfield>
  </datafield>
  <datafield tag="942" ind1=" " ind2=" ">
    <subfield code="c">BK</subfield>
  </datafield>
  <datafield tag="999" ind1=" " ind2=" ">
    <subfield code="c">367681</subfield>
    <subfield code="d">367681</subfield>
  </datafield>
  <datafield tag="952" ind1=" " ind2=" ">
    <subfield code="0">0</subfield>
    <subfield code="1">0</subfield>
    <subfield code="2">ddc</subfield>
    <subfield code="4">0</subfield>
    <subfield code="7">0</subfield>
    <subfield code="a">SOFT</subfield>
    <subfield code="b">SOFT</subfield>
    <subfield code="d">2025-09-08</subfield>
    <subfield code="e">Mapin Publishing Pvt. Ltd.</subfield>
    <subfield code="g">2212.00</subfield>
    <subfield code="i">08/mp/D/25-26/531</subfield>
    <subfield code="l">1</subfield>
    <subfield code="o">747 MAP</subfield>
    <subfield code="p">SOFT-BK-4578</subfield>
    <subfield code="r">2025-12-03 16:16:24</subfield>
    <subfield code="s">2025-11-20</subfield>
    <subfield code="t">25%</subfield>
    <subfield code="v">2950.00</subfield>
    <subfield code="w">2025-09-11</subfield>
    <subfield code="y">BK</subfield>
  </datafield>
</record>
